| 000 | 00498nam a22001937a 4500 | ||
|---|---|---|---|
| 003 | CEME | ||
| 005 | 20210628205417.0 | ||
| 008 | 210316b xxu||||| |||| 00| 0 eng d | ||
| 020 | _a0-201-50356-5 | ||
| 040 | _c. | ||
| 082 | _a621.042 PRI'E | ||
| 100 |
_aPriest, Joseph _975429 |
||
| 245 | _aEnergy principles problems alternatives | ||
| 250 | _a4TH | ||
| 260 |
_aNEWYORK _bADDISON WESLEY _c1991 |
||
| 300 | _aIX, 339P | ||
| 650 |
_aPOWER RESOURCES POWER MECHANICS _975430 |
||
| 942 |
_cBK _2ddc |
||
| 999 |
_c580841 _d580841 |
||